NHL Teams and Locations - Statistics

General Stats
  • This quiz has been taken 801 times
    736 since last reset
  • The average score is 72 of 88
Answers on the Map
Answers color-coded by a green-red scale on the quiz's map according to % correct below.
 
Answer Stats
Answer % Correct
New York
93%
New York
93%
New York (Long Island)
93%
Colorado
92%
Colorado
92%
Florida
91%
Florida
91%
Minnesota
91%
Minnesota
91%
District of Columbia
90%
Utah
90%
Utah
90%
Washington D.C.
90%
Vancouver
89%
Washington
89%
Boston
88%
Calgary
88%
Dallas
88%
Edmonton
88%
Los Angeles
88%
New Jersey
88%
New Jersey
88%
Toronto
88%
Chicago
87%
Montreal
87%
Winnipeg
87%
Detroit
86%
San José
86%
Seattle
86%
Vegas
86%
California
85%
Edmonton Oilers
85%
Ottawa
85%
Texas
85%
Calgary Flames
84%
Nashville
84%
St. Louis
84%
Tampa Bay
83%
Boston Bruins
82%
Philadelphia
82%
San Jose Sharks
82%
Anaheim
81%
Dallas Stars
81%
Florida Panthers
81%
Nevada
81%
Toronto Maple Leafs
81%
Vancouver Canucks
81%
Colorado Avalanche
80%
Columbus
80%
Minnesota Wild
80%
Montreal Canadiens
80%
New York Rangers
80%
Ottawa Senators
80%
Pittsburgh
80%
Tampa Bay Lightning
80%
Winnipeg Jets
80%
Buffalo
79%
Chicago Blackhawks
79%
Detroit Red Wings
79%
Los Angeles Kings
79%
New Jersey Devils
79%
New York Islanders
79%
Anaheim Ducks
78%
Carolina
78%
Carolina Hurricanes
78%
Nashville Predators
78%
Philadelphia Flyers
78%
Pittsburgh Penguins
78%
Seattle Kraken
78%
St. Louis Blues
78%
Michigan
77%
North Carolina
77%
Ohio
77%
Vegas Golden Knights
77%
Buffalo Sabres
75%
Columbus Blue Jackets
75%
Illinois
75%
Tennessee
75%
Pennsylvania
74%
Massachusetts
73%
Missouri
70%
Ontario
69%
Québec
69%
Alberta
66%
British Columbia
64%
Washington Capitals
62%
Utah Hockey Club
59%
Manitoba
57%
No matching quizzes found
Score Distribution
Percent of People with Each Score
Percentile by Number Answered
Your Score History
You have not taken this quiz since the last reset